Plan estratégico para la Tienda Virtual Vintage Closet para el período 2017-202
Aborda un plan estratégico, que se ha elaborado para la tienda virtual Vintage Closet a ser desarrollado en el periodo 2017-2021. Formula estrategias para el desarrollo económico y posicionamiento de la tienda virtual Vintage Closet. Además se diseña un plan operativo. Para establecer la misión...
| Main Authors: | , |
|---|---|
| Other Authors: | |
| Format: | Tesis Section = Libro |
| Language: | Undetermined Spanish |
| Published: |
Managua
UNI
2017
|
| Subjects: |
| LEADER | 01343nam a2200289Ia 4500 | ||
|---|---|---|---|
| 008 | 240830s9999 xx 000 0 und d | ||
| 040 | |a BIBLIOTECA-RUPAP Mon 658.835 P438 | ||
| 041 | |a spa | ||
| 082 | |a Mon 658.835 P438 | ||
| 100 | 1 | |a Pérez Silva, Miriam del Rosario | |
| 100 | 1 | |b López López, Jairo Antonio | |
| 245 | 1 | 0 | |a Plan estratégico para la Tienda Virtual Vintage Closet para el período 2017-202 |
| 260 | |a Managua |b UNI |c 2017 | ||
| 300 | |a 68 p. :il. | ||
| 500 | |a Contiene: anexos e Incluye: CD. | ||
| 502 | |a Tesis (Ingeniero de Sistemas)- UNI, 2017. | ||
| 520 | 3 | |a Aborda un plan estratégico, que se ha elaborado para la tienda virtual Vintage Closet a ser desarrollado en el periodo 2017-2021. Formula estrategias para el desarrollo económico y posicionamiento de la tienda virtual Vintage Closet. Además se diseña un plan operativo. Para establecer la misión y visión tomando en cuenta el principio de la misión es un llamado a la acción y que debe partir de que el negocio es todo. | |
| 650 | 7 | |a PLAN ESTRATEGICO EMPRESARIAL | |
| 650 | 7 | |b NEGOCIOS | |
| 650 | 7 | |c MERCADEO | |
| 650 | 7 | |d ATENCIÓN AL CLIENTE | |
| 650 | 7 | |e PROMOCION DE VENTAS | |
| 650 | 7 | |f TIENDAS VIRTUALES-ORGANIZACION | |
| 700 | 1 | |a Tutor: |b Castellón Estrada, Rosa Elena | |
| 942 | |c BK |2 ddc | ||
| 991 | |a TESIS | ||
| 999 | |c 17689 | ||